Malawi-Quiz - Statistiken

Allgemein
  • Dieses Quiz wurde 1.278 mal gespielt
  • Das Durchschnittsergebnis liegt bei 10 aus 20
Antwortstatistiken
Frage Antwort % Korrekt
Nachbarland Tansania
90%
Nachbarland Mosambik
88%
Nachbarland Sambia
88%
9.2% der Erwachsenen leiden an dieser Krankheit, eine der höchsten Quote der Welt HIV/AIDS
80%
Europäisches Land, das Kolonialmacht von Malawi war Vereinigtes Königreich
77%
Dominante Religion Christentum
72%
Hauptstadt von Malawi Lilongwe
68%
Größter See Malawisee
68%
Objekt, das auf der Flagge abgebildet ist Sonne
55%
US-amerikanische Pop-Sängerin, die zwei Kinder aus Malawi adoptierte Madonna
48%
Anbauprodukte, die die wichtigsten Exportgüter Malawis sind Tee
47%
Malawi war umstrittenerweise das einzige afrikanische Land, das vor 1994 diplomatische Beziehungen mit diesem Land fortsetzte Südafrika
46%
Anbauprodukte, die die wichtigsten Exportgüter Malawis sind Tabak
40%
Geologische Zone, in der sich Malawi befindet Ostafrikanischer {Graben}
36%
Britischer Forscher, der 1857 diesen See erreichte David Livingstone
28%
Währung von Malawi Kwacha
15%
Ehemaliger Name von Malawi {Nyasa}land
15%
Stadt in Malawi, die nach dem Geburtsort von diesem Forscher benannt wurde Blantyre
11%
Drei meistverbreitete Ethnien Malawis (nennen Sie eine) Chewa | Lomwe | Yao
10%
Längster Fluss Shire
10%
Keine übereinstimmenden Quizze gefunden
Verteilung der Resultate
Anzahl Personen mit jedem Resultat
Perzentil nach korrekt beantworteten Fragen
Ihre Resultats-Entwicklung
Sie haben dieses Quiz noch nicht gespielt